Normal view
MARC view
- PhD- Mechanical Engineering
Entry Topical Term
001 - CONTROL NUMBER
- control field: 131624
003 - CONTROL NUMBER IDENTIFIER
- control field: NUST
005 - DATE AND TIME OF LATEST TRANSACTION
- control field: 20251029131115.0
008 - FIXED-LENGTH DATA ELEMENTS
- fixed length control field: 251029|| aca||aabn | a|a d
040 ## - CATALOGING SOURCE
- Original cataloging agency: NUST
- Transcribing agency: NUST
150 ## - HEADING--TOPICAL TERM
- Topical term or geographic name entry element: PhD- Mechanical Engineering
670 ## - SOURCE DATA FOUND
- Source citation: Work cat.: (NUST): Janjua, Asad Asghar 35521, A Novel Algorithm for Evaluating the Accuracy of In-Cylinder Convective Heat Transfer Coefficient Estimation Models in Port Water-Injected Diesel Engine/
